Germany First Level Subdivisions - Statistics

General Stats
  • This quiz has been taken 718 times
  • The average score is 12 of 16
Answer Stats
Länder % Correct
Berlin
95%
Bavaria
93%
Hamburg
89%
Saxony
85%
Bremen
79%
Baden-Württemberg
76%
Lower Saxony
76%
Brandenburg
75%
Saarland
73%
Hessen
72%
North Rhine-Westphalia
72%
Rhineland-Palatinate
72%
Mecklenburg-Vorpommern
69%
Saxony-Anhalt
67%
Thuringia
67%
Schleswig-Holstein
65%
No matching quizzes found
Score Distribution
Percent of People with Each Score
Percentile by Number Answered
Your Score History
You have not taken this quiz